000 00943nas a2200301 4500
001 BR2012003688
003 BR-BrBNA
005 20231205120602.0
007 ta
008 230509b bl.|||p| |||| 00| 00por d
040 _aBR-BrBNA
_bpor
_cBiblioteca Nacional de Agricultura
041 _a(Pt)
072 _aQ03
100 1 _aCoelho, D.A.
100 1 _aSilva, P.M. de F. e
100 1 _aFiorini, J.E.
100 1 _aVeiga, S.M.O.M.
245 1 _aOcorrência de Salmonella sp em cortes de frango e suscetibilidade aos antimicrobianos utilizados na terapia humana
650 _aFRANGO
650 _aSALMONELLA
650 _aMICROBIOLOGIA DE ALIMENTO
650 _aHIGIENE DE ALIMENTO
650 _aCONTAMINAÇÃO
650 _aANTIBIÓTICO
773 0 _tHigiene Alimentar (Brazil)
_xISSN 0101-9171
_g(Jan-Feb 2012), v. 26(204-205) p. 132-137
_wBR2012003688
909 _a202311
_bLúcia
_c55
_dLúcia Elande
942 _2AGRIS
_n0
_cANA
999 _c219264
_d219264